000 00622nam a2200241Ia 4500
003 OSt
005 20220924151653.0
006 a|||||r|||| 00| 0
007 ta
008 220923b |||||||| |||| 00| 0 tel d
020 _c50
024 _a338579
037 _cTextual
040 _aARTS
_cARTS
_btel
041 _2tel
_atel
082 _aR6x3,1, 35N7.2
100 _aSekhara Saraswati Sri Chandra
_9224679
245 0 _aSankerucharye vedamulu
260 _c1997
650 _aPHILOSOPHY
942 _hR6x3,1, 35N7.2
_cTEXL
_2CC
999 _c467305
_d467305